Roztancovaná vysokoškolská mlaď Z 15. ročníka súťaže Akademický Zvolen 88

Podrobná bibliografia
Médium: Článok
Jazyk:slovenčina
Predmet:

MARC

LEADER 00000nab a2200000 a 4500
001 vtls000326477
003 SK-MaSNL
005 20260302225928.0
008 111201c1988 xo 0 slo
015 |a SNBRB19rr/mm-uuuuu 
035 |a CL0326599 
040 |a SNKBUCL  |b slo  |c SNKBUCL  |e AACR2 
041 0 |a slo 
044 |a xo  |c SK 
080 |a 793.31.091.4+784.4.091.4  |2 1981 
080 |a 784.4.091.4  |2 1981 
245 0 0 |a Roztancovaná vysokoškolská mlaď  |b Z 15. ročníka súťaže Akademický Zvolen 88 
611 2 7 |a Akademický Zvolen  |d (1988 :  |c Zvolen, Slovensko)  |2 snkbucl  |9 958898 
648 7 |a 1988  |2 snkbucl  |9 280250 
650 0 7 |a folklórne súbory  |2 snkbucl  |9 28685 
650 0 7 |a folklórne festivaly  |2 snkbucl  |9 29324 
651 7 |a Zvolen (Slovensko)  |2 snkbucl  |9 14595 
655 7 |a články z novín a časopisov  |2 snkbucl  |9 267496 
773 0 |t Pravda  |g Roč. 69, č. 167 (18. 7. 1988), s. 5 
850 |a Slovenská národná knižnica v Martine  |a MTA001 
852 |a SNK  |b KIS3GCP 
992 |a RBX 
999 |c 1531391  |d 1533321